000 00612cam a22002293a 4500
001 11883
003 PGUSA
005 20140828083242.0
008 040401s2004||||xxu|||||s|||||000 | eng d
040 _aPGUSA
_beng
042 _adc
050 4 _aGV
100 1 _aBurt, Emily Rose
245 1 0 _aEntertaining Made Easy
_h[electronic resource] /
_cEmily Rose Burt
260 _bProject Gutenberg,
_c2004
506 _aPublic domain in the USA.
516 _aElectronic text
653 _aEntertaining
830 0 _aProject Gutenberg
_v11883
856 4 0 _uhttp://www.gutenberg.org/ebooks/11883
942 _cEB
999 _c241138
_d241138